00513cam a22001337a 4500008004000000082001700040100001800057245013300075260003200208300001000240650002200250999001900272952008800291180718b1963 xxu||||| |||| 00| 0 eng d aT31x42 M614w aMiller, Harry aThe way of enterprise: a study of the origing, problems and achievement in the growth of post-war British firmscby Harry Miller aLondonbAndre Deutschc1963 a274p. aCorporations - UK c374002d374002 00104070aIIPAbIIPAd1994-06-24oT31x42 M614wp33422r2018-07-21w2018-07-21yBK